Nezamestnanosť a pracovná neschopnosť

Analýza vplyvu miery evidovanej nezamestnanosti na pracovnú neschopnosť a hľadanie vzťahu medzi štatistickými údajmi aj o vývoji dočasnej pracovnej neschopnosti za obdobie I. polroku 1995 v jednotlivých okresoch SR. Rozdelenie 38 okresov do štyroch skupín. Hodnotenie miery nezamestnanosti a percento...

Descripción completa

Guardado en:
Detalles Bibliográficos
Autor principal: Burdiga, A.
Formato: Capítulo de libro
Lenguaje:eslovaco
Materias:
Etiquetas: Agregar Etiqueta
Sin Etiquetas, Sea el primero en etiquetar este registro!

MARC

LEADER 00000naa a2200000 4500
001 r019426
005 20221213100237.3
041 0 |a slo 
044 |a SK 
245 1 0 |a Nezamestnanosť a pracovná neschopnosť  |c A. Burdiga 
520 |a Analýza vplyvu miery evidovanej nezamestnanosti na pracovnú neschopnosť a hľadanie vzťahu medzi štatistickými údajmi aj o vývoji dočasnej pracovnej neschopnosti za obdobie I. polroku 1995 v jednotlivých okresoch SR. Rozdelenie 38 okresov do štyroch skupín. Hodnotenie miery nezamestnanosti a percento pracovnej neschopnosti. 
610 2 0 |a miera nezamestnanosti 
610 2 0 |a práceneschopnosť 
610 2 0 |a okresy 
610 2 0 |a Slovensko 
610 2 0 |a údaje štatistické 
610 2 0 |a január-jún 
610 2 0 |a 1995 
100 1 |a Burdiga, A.